LEADER 01328nam--2200397---450- 001 990003461510203316 005 20101028111854.0 010 $a978-88-387-4886-1 035 $a000346151 035 $aUSA01000346151 035 $a(ALEPH)000346151USA01 035 $a000346151 100 $a20101028d2009----km-y0itay50------ba 101 $aita 102 $aIT 105 $a||||||||001yy 200 1 $aManuale delle ritenute nell'Ente locale$eguida al ruolo di sostituto d'imposta$eredditi di lavoro dipendente e assimilato...$eaggiornato alla Manovra finanziaria 2009$fEnzo Cuzzola 210 $aSantarcangelo di Romagna$cMaggioli$d2009 215 $a535 p.$d24 cm 225 2 $aProgetto ente locale$v191 410 0$12001$aProgetto ente locale$v, 191 454 1$12001 461 1$1001-------$12001 606 0 $aSostituto d'imposta$xGuide pratiche$2BNCF 676 $a343.4505242 700 1$aCUZZOLA,$bEnzo$0608889 801 0$aIT$bsalbc$gISBD 912 $a990003461510203316 951 $aXXIV.5.C. 465$b62969 G.$cXXIV.5.C.$d00283666 959 $aBK 969 $aGIU 979 $aFIORELLA$b90$c20101028$lUSA01$h1113 979 $aFIORELLA$b90$c20101028$lUSA01$h1113 979 $aFIORELLA$b90$c20101028$lUSA01$h1118 996 $aManuale delle ritenute nell'Ente locale$91111866 997 $aUNISA